Canvas embroidery / (Record no. 128844)

MARC details
000 -LEADER
fixed length control field 00587nam a22002177a 4500
005 - DATE AND TIME OF LATEST TRANSACTION
control field 20170124110046.0
010 ## - LIBRARY OF CONGRESS CONTROL NUMBER
LC control number 391715
020 ## - INTERNATIONAL STANDARD BOOK NUMBER
Terms of availability 00.00
035 ## - SYSTEM CONTROL NUMBER
System control number 391715
037 ## - SOURCE OF ACQUISITION
Source of stock number/acquisition Cen Lib/Ret
040 ## - CATALOGING SOURCE
Original cataloging agency DPL
Language of cataloging EN
082 ## - DEWEY DECIMAL CLASSIFICATION NUMBER
Classification number 746.44
Item number COX
100 ## - MAIN ENTRY--PERSONAL NAME
Personal name Cox's, Hebe
9 (RLIN) 24594
245 ## - TITLE STATEMENT
Title Canvas embroidery /
Statement of responsibility, etc by Hebe Cox's
260 ## - PUBLICATION, DISTRIBUTION, ETC. (IMPRINT)
Place of publication, distribution, etc London
Name of publisher, distributor, etc Mills & Boon Limited
Date of publication, distribution, etc 1960
270 ## - ADDRESS
Address 50, Grafton Way, Fitzroy Square
300 ## - PHYSICAL DESCRIPTION
Extent 92p. :
Dimensions 19cm(Hb)
Other physical details ill.
500 ## - GENERAL NOTE
General note Includes index
650 ## - SUBJECT ADDED ENTRY--TOPICAL TERM
Topical term or geographic name as entry element Embroidery work.
9 (RLIN) 24595
942 ## - ADDED ENTRY ELEMENTS (KOHA)
Source of classification or shelving scheme Dewey Decimal Classification
Koha item type English Books
Classification part 746.44
Call number suffix COX
Holdings
Withdrawn status Lost status Damaged status Not for loan Home library Current library Date acquired Source of acquisition Cost, normal purchase price Total Checkouts Full call number Barcode Date last seen Copy number Cost, replacement price Price effective from Koha item type
        Central Library Central Library 03/07/2015 Cen Lib/Ret 0.00   746.44 COX 391715 03/07/2015 1 0.00 15/09/2016 English Books

© Delhi Public Library
Hit Counter
free hit counter